[Event "2020 WA Reserves Championship"]
[Site "Leeming, Perth WA"]
[Date "2020.08.30"]
[Round "7"]
[White "Rasulov, Bekzod"]
[Black "Hernandez Mendez, Iker"]
[Result "0-1"]
[WhiteElo "1562"]
[BlackElo "968"]
[EventDate "2020.07.19"]

1.d4 Nf6 2.Bf4 c5 3.e3 e6 4.Nf3 Nc6 5.c3 d5 6.Nbd2 cxd4 7.exd4 Bd6 8.Ne5 
O-O 9.Ndf3 Qc7 10.Bd3 a6 11.O-O b5 12.Rc1 Bb7 13.Re1 Rac8 14.Nd2 Qd8 15.
Bg5 h6 16.Bh4 b4 17.Nb3 bxc3 18.bxc3 Be7 19.Qe2 Nxe5 20.dxe5 Nd7 21.Bxe7 
Qxe7 22.Bxa6 Bxa6 23.Qxa6 Ra8 24.Qe2 Rfc8 25.c4 dxc4 26.Rxc4 Rxc4 27.Qxc4 
Rxa2 28.Nc5 Ra7 29.Nxd7 Qxd7 30.h3 Ra4 31.Qc2 Qd4 32.Re3 Rc4 33.Qe2 Qf4 
34.g3 Rc1+ 35.Kg2 Qa4 36.Qb2 Qd1 37.g4 g5 0-1

[Event "2020 WA Reserves Championship"]
[Site "Leeming, Perth WA"]
[Date "2020.08.30"]
[Round "7"]
[White "McAteer, Ian"]
[Black "Andrew, Christopher-Jack"]
[Result "0-1"]
[WhiteElo "1773"]
[BlackElo "1381"]
[EventDate "2020.07.19"]

1.e4 e6 2.d4 d5 3.e5 c5 4.c3 Qb6 5.Nf3 Nc6 6.Bd3 Bd7 7.O-O cxd4 8.cxd4 
Nxd4 9.Nbd2 Bc5 10.b4 Qxb4 11.Nxd4 Bxd4 12.Rb1 Qc3 13.Nf3 Bb6 14.Qe2 Qc7 
15.Bd2 Ne7 16.Rfc1 Nc6 17.Bb4 Qd8 18.Ba3 Rc8 19.Bb2 Qe7 20.Bc3 f6 21.exf6 
gxf6 22.Bb5 e5 23.Rd1 d4 24.Bxc6 bxc6 25.Be1 Bg4 26.h3 Be6 27.Qe4 Bxa2 28.
Ra1 Bd5 29.Qf5 Be6 30.Qd3 Rg8 31.Nd2 Qg7 32.g4 h5 33.f3 hxg4 34.fxg4 Bxg4 
35.Ne4 Bxd1+ 0-1

[Event "2020 WA Reserves Championship"]
[Site "Leeming, Perth WA"]
[Date "2020.08.30"]
[Round "7"]
[White "Tomic, Nedeljko"]
[Black "Sheridan, Wallace"]
[Result "1-0"]
[WhiteElo "1748"]
[BlackElo "1588"]
[EventDate "2020.07.19"]

1.Nf3 Nf6 2.c4 e6 3.Nc3 d5 4.b3 Be7 5.Qc2 d4 6.Nb5 c5 7.e4 Nc6 8.d3 a6 9.
Na3 e5 10.h3 h6 11.g4 Be6 12.Bd2 Qb6 13.Qc1 g5 14.Bg2 Nh7 15.Nc2 Nf8 16.
Rb1 a5 17.Rb2 Qc7 18.a3 Ng6 19.O-O O-O 20.Qe1 a4 21.b4 cxb4 22.axb4 a3 23.
Rb1 Nf4 24.Bxf4 gxf4 25.Qd2 Ra4 26.Rfc1 Rfa8 27.b5 a2 28.Ra1 Nb4 29.Nce1 
f6 30.Nh4 Bc5 31.Bf3 Ra3 32.Nf5 Kh7 33.Be2 Rb3 34.Bd1 Rc3 35.Be2 Raa3 36.
Nh4 Qa5 37.Nhf3 Rxc1 38.Qxc1 Rc3 39.Qd2 Qa3 40.Qd1 Qb2 41.Kf1 Nc2 42.Nxc2 
Rxc2 43.Qe1 Bb4 44.Rxa2 Bxe1 45.Rxb2 Rxb2 46.Kxe1 Kg6 47.Bd1 h5 48.gxh5+ 
Kh6 49.Ng1 Bf7 50.Nf3 Bxh5 51.Nd2 Bxd1 52.Kxd1 Kh5 53.Kc1 Ra2 54.b6 Ra6 
55.c5 Ra5 56.Nb3 Rb5 57.Kb2 Kh4 58.Ka3 Kxh3 59.Ka4 Rxb6 60.cxb6 Kg2 61.Nc5
Kxf2 62.Nxb7 Ke3 63.Nc5 f3 64.b7 f2 65.b8=Q f1=Q 66.Qb2 Qd1+ 67.Kb4 Qg4 
68.Qh2 f5 69.Qxe5 fxe4 70.Nxe4 Qg6 71.Nc5+ Kd2 72.Qh2+ Ke3 73.Qe5+ Kd2 74.
Kc4 1-0

[Event "2020 WA Reserves Championship"]
[Site "Leeming, Perth WA"]
[Date "2020.08.30"]
[Round "7"]
[White "Roebuck, Derek"]
[Black "Elkington, Derek"]
[Result "1/2-1/2"]
[WhiteElo "1661"]
[BlackElo "1929"]
[EventDate "2020.07.19"]

1.e4 c5 2.Nf3 e6 3.b4 b6 4.bxc5 bxc5 5.Nc3 Nc6 6.Bb5 Qc7 7.d4 cxd4 8.Nxd4 
Bb7 9.Nxc6 Bxc6 10.O-O Bb4 11.Bxc6 Qxc6 12.Ne2 Qxe4 13.c3 Bc5 14.Nd4 Nf6 
15.Re1 Qh4 16.Be3 Ng4 17.Nf3 Nxe3 18.Rxe3 Qe7 19.Rd3 Rb8 20.Qa4 Rb7 21.
Rad1 f6 22.Kf1 e5 23.Nd4 g6 24.Nc6 Qe6 25.Qa6 Rc7 26.Rxd7 Qxd7 27.Rxd7 
Kxd7 28.Nb4 Bb6 29.Nd5 Rc6 30.Qb7+ Kd6 31.Nxb6 Rxb6 32.Qxa7 Rb1+ 33.Ke2 
Rc8 34.Qa6+ Kc7 35.Qxf6 Rb2+ 36.Kd3 e4+ 37.Kxe4 Re8+ 38.Kd3 Ree2 39.Qf4+ 
Kd8 40.Qh4+ Ke8 41.Qxh7 Rxf2 42.Qxg6+ Ke7 43.Qg5+ Kd6 44.Qd8+ Ke5 45.Qe7+ 
Kf4 46.Qf6+ Kg4 47.Qg6+ 1/2-1/2

[Event "2020 WA Reserves Championship"]
[Site "Leeming, Perth WA"]
[Date "2020.08.30"]
[Round "7"]
[White "Octaviano, Joel"]
[Black "Milovanovic, Stevica"]
[Result "0-1"]
[WhiteElo "1520"]
[BlackElo "1439"]
[EventDate "2020.07.19"]

1.d4 Nf6 2.c4 e5 3.dxe5 Ne4 4.Nf3 Nc6 5.a3 d6 6.Qd5 Nc5 7.Bg5 Be7 8.exd6 
cxd6 9.Nc3 Be6 10.Bxe7 Qxe7 11.Qd1 Bxc4 12.b4 Nd3+ 13.Kd2 Nxf2 14.Qc2 Nxh1
15.e4 Ne5 16.Bxc4 Nxc4+ 17.Kd3 Ne5+ 18.Nxe5 dxe5 19.Rxh1 O-O 20.Nd5 Rfd8 
21.Ke2 Qg5 22.Kf2 Rac8 23.Qd3 Kf8 24.Rf1 Rc1 25.Kg1 Rdc8 26.g3 Rxf1+ 27.
Kxf1 Qc1+ 28.Ke2 Qc2+ 29.Ke3 Qxh2 30.Kf3 h5 31.Nc3 Kg8 32.Nd5 Kf8 33.Nc3 
Kg8 34.Ne2 h4 35.gxh4 Qxh4 36.Qd7 Rd8 37.Qb5 Qh5+ 38.Kf2 Rd2 39.Ke1 Rxe2+ 
40.Qxe2 Qxe2+ 41.Kxe2 f6 42.Kf3 g6 43.Kg4 Kg7 44.Kh4 Kh6 45.Kg3 f5 0-1